000 00292nam a2200109Ia 4500
008 220120s9999||||xx |||||||||||||| ||und||
100 _aNIIT world class education
245 0 _aDB2 universal database admionistration workshop for windows
260 _c2001
300 _b0
650 _aCIRCUIT
999 _c136678
_d136678